| 000 -ლიდერი |
| ფიქსირებული სიგრძის საკონტროლო ველი |
01279nam a2200289Ia 4500 |
| 001 - საკონტროლო ნომერი |
| საკონტროლო ველი |
23152 |
| 003 - საკონტროლო ნომრის იდენტიფიკატორი |
| საკონტროლო ველი |
GE_BSU |
| 005 - ბოლო ოპერაციის თარიღი და დრო |
| საკონტროლო ველი |
20230716131139.0 |
| 008 - ფიქსირებული სიგრძის მონაცემთა ელემენტები - ზოგადი ინფორმაცია |
| ფიქსირებული სიგრძის საკონტროლო ველი |
181216s1964||||ge |||||||||||||| ||geo|| |
| 040 ## - კატალოგიზაციის წყარო |
| Transcribing agency |
GE_BSU |
| 041 ## - ენის კოდი |
| Language code of text/sound track or separate title |
geo |
| 080 ## - უნივერსალური ათობითი კლასიფიკაციის ინდექსი |
| Universal Decimal Classification number |
82-31 ჰ-44 |
| 100 ## - მთავარი ჩანაწერი - პიროვნების სახელი |
| Personal name |
ჰემინგუეი, ერნესტ |
| 9 (RLIN) |
11669 |
| 245 ## - ცნობა სათაურის შესახებ |
| Title |
ჰარი მორგანი. ქონა თუ არ ქონა [რომანი]. მოთხრობები. მეხუთე კოლონა : [პიესა] / |
| Statement of responsibility, etc |
ერნესტ ჰემინგუეი ; მთარგმნ. ვ. ჭელიძე. |
| 264 ## - წარმოების, გამოცემის, დისტრიბუციის და სხვა ცნობები |
| გამოცემის, წარმოების, დისტრიბუციის... ადგილი |
თბილისი : |
| გამოცემის, წარმოების, დისტრიბუციის... სახელწოდება |
[ლიტერატურა და ხელოვნება], |
| გამოცემის, წარმოების, დისტრიბუციის... თარიღი |
1964. |
| 300 ## - ფიზიკური აღწერა |
| Extent |
390 გვ. ; |
| Dimensions |
20 სმ. |
| 653 ## - INDEX TERM--UNCONTROLLED |
| Uncontrolled term |
ჰარი მორგანი |
| 653 ## - INDEX TERM--UNCONTROLLED |
| Uncontrolled term |
ქონა თუ არ ქონა |
| 653 ## - INDEX TERM--UNCONTROLLED |
| Uncontrolled term |
მოთხრობები |
| 653 ## - INDEX TERM--UNCONTROLLED |
| Uncontrolled term |
მეხუთე კოლონა |
| 653 ## - INDEX TERM--UNCONTROLLED |
| Uncontrolled term |
პიესა |
| 653 ## - INDEX TERM--UNCONTROLLED |
| Uncontrolled term |
რომანი |
| 700 ## - ADDED ENTRY--PERSONAL NAME |
| Personal name |
ჭელიძე, ვ. |
| Relator term |
მთარგმნელი |
| 9 (RLIN) |
6048 |
| 700 ## - ADDED ENTRY--PERSONAL NAME |
| Personal name |
აგიაშვილი, ნ. |
| Relator term |
რედაქტორი |
| 9 (RLIN) |
19349 |
| 942 ## - ADDED ENTRY ELEMENTS (KOHA) |
| Koha item type |
წიგნი |
| Source of classification or shelving scheme |
|